| 000 | 01607nam a2200337 a 4500 | ||
|---|---|---|---|
| 999 |
_c328850 _d328850 |
||
| 003 | BLK | ||
| 005 | 20250417133212.0 | ||
| 008 | 190211b bu de|||r|||| 00| 0 bu d | ||
| 020 | _a9789547452909 | ||
| 040 | _aBLK | ||
| 041 |
_aBUL _cBUL |
||
| 080 |
_aФизика _b53 _x(079)(075.3) _z53(079)(075.3) |
||
| 100 |
_9364185 _aРайчева, Анка Борисова _eпърви автор |
||
| 139 |
_aРайчева, Анка Борисова и др. _bР 29 |
||
| 245 |
_aФизика и астрономия 8. клас : сборник задачи и тестове по новата учебна програма _cАнка Райчева, Евгения Лачкова |
||
| 260 |
_9209564 _aСофия _bРегалия 6 _c2018 _fСофия : Инвестпрес |
||
| 300 |
_a168 с. _bс табл., ил. _c24 см |
||
| 380 | _a5 | ||
| 500 | _aЗагл. от изд. каре: Сборник задачи и тестове физика 8. клас Загл. на гърба на кн.: Сборник задачи и тестове за 8. клас | ||
| 650 | 0 |
_9253505 _aФизика - учебници за средни училища |
|
| 653 | 7 |
_9199275 _aфизика |
|
| 653 | 7 |
_9181437 _aастрономия |
|
| 653 | 7 |
_9198264 _aтестове |
|
| 653 | 7 |
_9180189 _aVІІІ кл. |
|
| 700 |
_9253460 _aЛачкова, Евгения Илиева _eсъавт. |
||
| 852 | _aЦб 293581 | ||
| 852 |
_bП _c53(075)/Р 29 А |
||
| 942 |
_cKNG _n0 _s1 _02 |
||
| 944 |
_aCR _c2019-02-11 _k30542 _lРусанова Ирена |
||
| 944 |
_aED _c2021-10-20 _kГГГ _l2021-10-20 |
||